00486nam a2200169 a 450000100100000000500170001000800410002702000180006804000250008608200130011110000220012424500400014626000750018630000210026149000170028283000170029900004320920201002040726.0140225s2014 nyu 000 0 spa d a9780062071248 aDO-SdBNPbspacBNPHU axxxbxxx1 aArmstrong, Kelley10aSea of shadows /cKelley Armstrong. aNew York, NY :bHarper, an imprint of HarperCollins Publishers,c2014. a392 p. ;c21 cm.1 aHarperv4/14 0aHarpern4/14